000
00267nam a22001217a 4500
008
181105b xxu||||| |||| 00| 0 eng d
041
_a
eng
080
_a
530..14
100
_a
59
101
_a
CAP
245
_a
Capitalism Opposing View
_c
Leone.B
942
_2
udc
_c
BK
999
_c
51792
_d
51792